[Event "PHI-ch U10"]
[Site "San Antonio"]
[Date "2014.04.25"]
[Round "8"]
[White "Gadut, Emcel Jules V"]
[Black "Saraos, Clyde Harris"]
[Result "1/2-1/2"]
[WhiteElo "1741"]
[BlackElo "1742"]
[PlyCount "79"]
[EventDate "2014.04.21"]
[EventType "swiss"]
[EventRounds "13"]
[EventCountry "PHI"]
[SourceTitle "CBM 160 Extra"]
[Source "ChessBase"]
[SourceDate "2014.07.01"]
[SourceVersion "1"]
[SourceVersionDate "2014.07.01"]
[SourceQuality "1"]

1. e4 c6 2. d4 d5 3. Nc3 dxe4 4. Nxe4 Nf6 5. Nc3 Bf5 6. Nf3 e6 7. a3 Bd6 8. Be3 Nbd7 9. Be2 0-0 10. Qd2 Qc7 11. 0-0-0 Nd5 12. Nxd5 cxd5 13. Rdg1 Nf6 14. h3 Ne4 15. Qd1 Bf4 16. Kb1 Bxe3 17. fxe3 Nf2 18. Qd2 Nxh1 19. Rxh1 Rac8 20. Bd3 Bxd3 21. Qxd3 Qg3 22. Rg1 Rc7 23. c3 Qg6 24. Ne5 Qxd3+ 25. Nxd3 b6 26. Kc2 f6 27. Rf1 e5 28. dxe5 fxe5 29. Rxf8+ Kxf8 30. Nxe5 Re7 31. Nc6 Rxe3 32. Nxa7 Re2+ 33. Kb3 Rxg2 34. Nc8 Rg6 35. Kb4 Rc6 36. Na7 Rc7 37. Nb5 Rc4+ 38. Kb3 Ke7 39. Nd4 Rxd4 40. cxd4 1/2-1/2

[Event "PHI-ch U10"]
[Site "San Antonio"]
[Date "2014.04.24"]
[Round "6"]
[White "De Luna, Adrian"]
[Black "Saraos, Clyde Harris"]
[Result "1-0"]
[WhiteElo "1847"]
[BlackElo "1742"]
[PlyCount "81"]
[EventDate "2014.04.21"]
[EventType "swiss"]
[EventRounds "13"]
[EventCountry "PHI"]
[SourceTitle "CBM 160 Extra"]
[Source "ChessBase"]
[SourceDate "2014.07.01"]
[SourceVersion "1"]
[SourceVersionDate "2014.07.01"]
[SourceQuality "1"]

1. d4 c5 2. c3 Nf6 3. Nf3 g6 4. e3 Bg7 5. dxc5 Qc7 6. Be2 0-0 7. 0-0 Qxc5 8. Nbd2 d5 9. h3 Qc7 10. Nb3 Nc6 11. Bd2 Bf5 12. Rc1 Rfd8 13. Nfd4 Be4 14. c4 Nxd4 15. exd4 Qd6 16. c5 Qd7 17. g4 g5 18. f3 Bg6 19. Bxg5 h5 20. Bd3 Bxd3 21. Qxd3 hxg4 22. Bxf6 Bxf6 23. hxg4 Kg7 24. Kg2 Bg5 25. Rce1 Qc7 26. f4 Rh8 27. Qe3 Rh4 28. Qe5+ Qxe5 29. Rxe5 Rxg4+ 30. Kh3 Rh4+ 31. Kg3 Bf6 32. Rxd5 Kh6 33. Rd7 Rg8+ 34. Kf3 Rgg4 35. Ke3 Rxf4 36. Rxf4 Bg5 37. Rxb7 Rxf4 38. Kd3 Rf6 39. d5 e6 40. c6 exd5 41. Nd4 1-0